Eastern Utah Libraries Catalog: Duchesne, Heber, Roosevelt, & Vernal

When angels sing : (Record no. 356922)

MARC details
000 -LEADER
fixed length control field 03992cam a2200589 i 4500
001 - CONTROL NUMBER
control field 973810013
003 - CONTROL NUMBER IDENTIFIER
control field OCoLC
005 - DATE AND TIME OF LATEST TRANSACTION
control field 20201223111137.0
008 - FIXED-LENGTH DATA ELEMENTS--GENERAL INFORMATION
fixed length control field 170215t20182018nyua b b 000 0beng
010 ## - LIBRARY OF CONGRESS CONTROL NUMBER
LC control number 2017007274
020 ## - INTERNATIONAL STANDARD BOOK NUMBER
International Standard Book Number 9781534404137
020 ## - INTERNATIONAL STANDARD BOOK NUMBER
International Standard Book Number 1534404139
020 ## - INTERNATIONAL STANDARD BOOK NUMBER
Cancelled/invalid ISBN 9781534404144
035 ## - SYSTEM CONTROL NUMBER
System control number (OCoLC)973810013
037 ## - SOURCE OF ACQUISITION
Source of stock number/acquisition Simon & Schuster, 100 Front st, Riverside, NJ, USA, 08075-7500
Note SAN 200-2442
040 ## - CATALOGING SOURCE
Original cataloging agency DLC
Language of cataloging eng
Description conventions rda
Transcribing agency DLC
Modifying agency OCLCO
-- OCLCQ
-- OCLCF
-- YDX
-- LW1
-- JQW
-- CGP
-- NYP
-- JTH
-- OCLCO
-- UAP
-- FMG
-- BDX
-- QQ3
-- YDX
-- EHH
-- OCLCO
-- IGA
-- OCL
-- XFF
-- GZW
-- NJB
-- OCLCO
-- TXL
-- UAG
-- JX6
-- GKX
-- JTH
-- OCLCO
-- QS5
-- OCLCO
-- W8A
-- TXENN
-- VAX
-- ZQP
-- TXMBL
-- LIV
-- SSH
-- XFF
-- GFC
-- OCLCO
-- ALD
-- AZT
-- SFR
-- KZS
-- OCLCO
-- MJ8
-- CBA
-- ICG
-- OCLCO
-- NQN
-- TP7
-- JGD
-- OD9
-- OCLCO
-- KFH
-- OCLCO
-- LMJ
-- FWR
-- OCLCO
-- LKC
-- OCLCO
-- STF
-- OCLCO
042 ## - AUTHENTICATION CODE
Authentication code pcc
043 ## - GEOGRAPHIC AREA CODE
Geographic area code n-us---
050 00 - LIBRARY OF CONGRESS CALL NUMBER
Classification number ML3930.S26
Item number M34 2018
092 ## - LOCALLY ASSIGNED DEWEY CALL NUMBER (OCLC)
Classification number E Mahin
100 1# - MAIN ENTRY--PERSONAL NAME
Personal name Mahin, Michael James,
Relator term author.
9 (RLIN) 6394114
245 10 - TITLE STATEMENT
Title When angels sing :
Remainder of title the story of rock legend Carlos Santana /
Statement of responsibility, etc Michael Mahin ; illustrated by Jose Ramírez.
250 ## - EDITION STATEMENT
Edition statement First edition.
264 #1 - Production, Publication, Distribution, Manufacture, and Copyright Notice.
Place of production, publication, distribution, manufacture New York :
Name of producer, publisher, distributor, manufacturer Atheneum Books for Young Readers,
Date of production, publication, distribution, manufacture, or copyr [2018]
264 #4 - Production, Publication, Distribution, Manufacture, and Copyright Notice.
Date of production, publication, distribution, manufacture, or copyr ©2018.
300 ## - PHYSICAL DESCRIPTION
Extent 1 volume (unpaged) :
Other physical details color illustrations ;
Dimensions 24 x 32 cm.
336 ## - Content Type
Content type term text
336 ## - Content Type
Content type term still image
337 ## - Media type
Media type term unmediated
338 ## - Carrier type
Carrier type term volume
504 ## - BIBLIOGRAPHY, ETC. NOTE
Bibliography, etc Includes bibliographical references.
520 ## - SUMMARY, ETC.
Summary, etc From the three-way scrimmage among his great-aunt, his father, and his mother for the right to name him—his mother won—to his growth as a musician, Carlos yearns to hear the song of angels.Instrument after instrument fails to resonate within his heart until the chords of a guitar stand his arm hairs on end. "An angel's breath?" But not even his beloved guitar can drown out the English-speaking bullies in San Francisco schools, so he runs away and returns to Tijuana. His family, however disagrees. They'd left Mexico for a better life, and they will not let Carlos stay behind. Bit by bit, the city's diverse cultural harmonies become one: "the soul of the blues,…the brains of jazz,…the energy of rock and roll…the slow heat of Afro-Cuban drums and the cilantro-scented sway of the music you'd grown up with." The Santana Blues Band plays through Carlos' homesickness, plays through Martin Luther King Jr.'s death, plays through Vietnam's destruction and America's unrest, until, in front of 400,000 people in Woodstock, the angels finally sing—not to but within Carlos. Ramírez's double-page-spread acrylic-and-enamel-marker images evoke the vibrant electric energy of Huichol yarn art. The years denoting milestones in Carlos' story subtly blend into the multicolored pages. Mahin's second-person lyrical narrative unites the disparate elements that ultimately became Santana. A musical journey perfectly aimed at young readers' excitement to know what they will be. (author's note, bibliography, discography) (Picture book/biography. 6-11). Kirkus Reviews
521 1# - TARGET AUDIENCE NOTE
Target audience note Ages 4-8.
521 2# - TARGET AUDIENCE NOTE
Target audience note Grades Preschool-3.
521 2# - TARGET AUDIENCE NOTE
Target audience note Grades 1-6
586 ## - AWARDS NOTE
Awards note Américas Award Commended Title, 2019
586 ## - AWARDS NOTE
Awards note Pura Belpré Award Honor Book for Illustration, 2019
600 10 - SUBJECT ADDED ENTRY--PERSONAL NAME
Personal name Santana, Carlos
Form subdivision Juvenile literature.
9 (RLIN) 6394115
650 #0 - SUBJECT ADDED ENTRY--TOPICAL TERM
Topical term or geographic name as entry element Rock musicians
Geographic subdivision United States
Form subdivision Biography
-- Juvenile literature.
9 (RLIN) 5703259
650 #0 - SUBJECT ADDED ENTRY--TOPICAL TERM
Topical term or geographic name as entry element Culturally authentic literature
9 (RLIN) 6365014
650 #0 - SUBJECT ADDED ENTRY--TOPICAL TERM
Topical term or geographic name as entry element Américas Award
9 (RLIN) 6365017
650 #0 - SUBJECT ADDED ENTRY--TOPICAL TERM
Topical term or geographic name as entry element Pura Belpré Award
9 (RLIN) 6365023
655 #7 - INDEX TERM--GENRE/FORM
Genre/form data or focus term Picture books.
Source of term fast
9 (RLIN) 6394120
655 #7 - INDEX TERM--GENRE/FORM
Genre/form data or focus term Biographies.
Source of term fast
9 (RLIN) 5691024
655 #7 - INDEX TERM--GENRE/FORM
Genre/form data or focus term Biography.
Source of term fast
9 (RLIN) 5694263
655 #7 - INDEX TERM--GENRE/FORM
Genre/form data or focus term Juvenile works.
Source of term fast
9 (RLIN) 5673941
655 #7 - INDEX TERM--GENRE/FORM
Genre/form data or focus term Biographies.
Source of term lcgft
9 (RLIN) 5691024
655 #7 - INDEX TERM--GENRE/FORM
Genre/form data or focus term Picture books.
Source of term lcgft
9 (RLIN) 6394120
700 1# - ADDED ENTRY--PERSONAL NAME
Personal name Ramírez, José,
Relator term illustrator.
9 (RLIN) 5848399
907 ## - LOCAL DATA ELEMENT G, LDG (RLIN)
a .b397874650
942 ## - ADDED ENTRY ELEMENTS (KOHA)
Source of classification or shelving scheme Dewey Decimal Classification
Koha item type BOOK
Holdings
Withdrawn status Lost status Source of classification or shelving scheme Damaged status Not for loan Collection code Home library Current library Shelving location Date acquired Source of acquisition Total Checkouts Full call number Barcode Date last seen Date checked out Cost, replacement price Price effective from Koha item type
    Dewey Decimal Classification     Children Culturally Authentic Literature Wasatch County Library Wasatch County Library Main Floor Childrens Area 12/23/2020 SEBCO 1 E Biography San 34301001705112 01/23/2025 06/04/2021 17.99 12/23/2020 BOOK
This project was made possible through a grant from the Institute of Museum and Library Service administered by the Utah State Library Division.

Wasatch County Library

  • 465 East 1200 South, Heber City, Utah 84032
  • Phone 435-654-1511 | Fax 435-654-6456

Hours

  • Monday - Friday 9:30 AM - 8:00 PM
  • Saturday 9:30 AM - 1:30 PM
  • Closed Sundays and Holidays